| 000 | 00494nam a2200193Ia 4500 | ||
|---|---|---|---|
| 001 | 19050 | ||
| 003 | GE_BSU | ||
| 008 | 181216s||||||||xx |||||||||||||| ||und|| | ||
| 040 | _cGE_BSU | ||
| 245 | _aОртодентия №1 (73) 2016 | ||
| 245 | _cГл.ред. Л.В.Польма и др | ||
| 260 | _aMосква. | ||
| 260 | _bПремьер | ||
| 260 | _c2016 | ||
| 300 | _a64стр,ил,29см | ||
| 653 | _aОртодентия | ||
| 653 | _aპერიოდიკა | ||
| 942 | _cCR | ||
| 999 |
_c52046 _d52046 |
||